00545nam a2200181Ii 450000100060000000300090000600800410001504000330005604100080008908200160009710000290011324500370014226400910017930000120027033600260028233700280030833800270033612355CO-ViMGA241108s9999||||xx |||||||||||||| ||und|| aCO-ViMGAbspaerdacCO-ViMGA0 aunk04a322.42-R4361 aAntonio Alvarez Restrepo10aLos golpes de estado en Colombia 1a[Lugar de publicación no identificado] : Ediciones del Banco de la República, 1982 avolumen atextbtxt2rdacontent aunmediatedbn2rdamedia avolumebnc2rdacarrier